Ode to the Mets - The Strokes (All lyrics) - Statistics

General Stats
  • This quiz has been taken 41 times
  • The average score is 202 of 296
Answer Stats
Answer % Correct
the
94%
The
94%
a
91%
do
88%
Go
88%
go
88%
I
88%
it
88%
me
88%
on
88%
you
88%
for
85%
he
85%
his
85%
it's
85%
It's
85%
No
85%
Not
85%
not
85%
to
85%
my
82%
Up
82%
up
82%
We
82%
anymore
79%
here
79%
horse
79%
just
79%
So
79%
that
79%
at
76%
gonna
76%
say
76%
tell
76%
Then
76%
then
76%
all
73%
but
73%
But
73%
Easy
73%
easy
73%
find
73%
good
73%
should
73%
story
73%
truth
73%
wake
73%
attack
70%
back
70%
Back
70%
Drums
70%
Fab
70%
Hope
70%
hope
70%
I'm
70%
is
70%
maybe
70%
out
70%
please
70%
too
70%
well
70%
got
67%
of
67%
think
67%
time
67%
will
67%
plans
64%
some
64%
When
64%
when
64%
And
61%
down
61%
feel
61%
Forgotten
61%
forgotten
61%
get
61%
mind
61%
now
61%
show
61%
sizes
61%
teeth
61%
what's
61%
your
61%
didn't
58%
fine
58%
from
58%
he's
58%
I'll
58%
know
58%
old
58%
Old
58%
quick
58%
read
58%
right
58%
special
58%
street
58%
there
58%
us
58%
waitin'
58%
walk
58%
as
55%
door
55%
needed
55%
was
55%
wrong
55%
are
52%
gotta
52%
guitar
52%
Innocent
52%
innocent
52%
ocean
52%
one
52%
something
52%
trip
52%
under
52%
friends
48%
Gone
48%
isn't
48%
playin'
48%
sits
48%
slack
48%
thing
48%
wasn't
48%
bored
45%
bottom
45%
control
45%
cube
45%
hard
45%
hold
45%
Listen
45%
times
45%
Yeah
45%
can
42%
Cuts
42%
heart
42%
last
42%
Learned
42%
long
42%
only
42%
own
42%
painful
42%
silence
42%
solving
42%
tricks
42%
you're
42%
gets
39%
into
39%
roar
39%
Rubik's
39%
shameful
39%
thumb
39%
left
36%
promise
36%
swallowed
36%
that's
36%
hearing
33%
phone
33%
railing
33%
turnin'
33%
deafening
30%
eye
30%
has
30%
pardon
30%
alone
21%
fuck
18%
ways
9%
No matching quizzes found
Score Distribution
Percent of People with Each Score
Percentile by Number Answered
Your Score History
You have not taken this quiz